عرض عادي
عرض مارك
- القنطار، هاني سليمان،
دخول Personal Name
001 - CONTROL NUMBER
- control field: 28839
003 - CONTROL NUMBER IDENTIFIER
- control field: AE-AdECS
005 - DATE AND TIME OF LATEST TRANSACTION
- control field: 20260420131042.0
008 - FIXED-LENGTH DATA ELEMENTS
- fixed length control field: 260420|| aca||aabn | a|a d
040 ## - CATALOGING SOURCE
- Original cataloging agency: AE-AdECS
- Transcribing agency: AE-AdECS
100 ## - HEADING--PERSONAL NAME
- Personal name: القنطار، هاني سليمان،
670 ## - SOURCE DATA FOUND
- Source citation: Work cat.: (AE-AdECS)294811: القنطار، هاني سليمان، مؤلف., لا تقتلوا الأرجنتين :
